Santa María de Porqueras / (Record no. 158002)
[ view plain ]
| 000 -LEADER | |
|---|---|
| campo de control de longitud fija | 01128nam a22002295i 4500 |
| 001 - NÚMERO DE CONTROL | |
| campo de control | 158002 |
| 003 - IDENTIFICADOR DE NÚMERO DE CONTROL | |
| campo de control | ES-MaACL |
| 005 - FECHA Y HORA DE LA ÚLTIMA TRANSACCIÓN | |
| campo de control | 20250831103958.0 |
| 008 - DATOS DE LONGITUD FIJA--INFORMACIÓN GENERAL | |
| campo de control de longitud fija | 990623s1892 sp af |||| | spa d |
| 040 ## - FUENTE DE CATALOGACIÓN | |
| Centro catalogador/agencia de origen | CCPB | B |
| Lengua de catalogación | spa |
| Centro/agencia transcriptor | CCPB | B |
| 100 1# - ENTRADA PRINCIPAL--NOMBRE DE PERSONA | |
| Nombre de persona | Cedillo, Jerónimo López de Ayala y Álvarez de Toledo, |
| Títulos y otros términos asociados al nombre | Conde de, |
| Fechas asociadas al nombre | 1862-1934 |
| 9 (RLIN) | 37325 |
| 245 10 - MENCIÓN DEL TÍTULO | |
| Título | Santa María de Porqueras / |
| Mención de responsabilidad, etc. | por Jerónimo López de Ayala y del Hierro, Vizconde de Palazuelos. |
| 260 ## - PUBLICACIÓN, DISTRIBUCIÓN, ETC. | |
| Lugar de publicación, distribución, etc. | Gerona : |
| Nombre del editor, distribuidor, etc. | Imprenta y librería de Paciano Torres, |
| Fecha de publicación, distribución, etc. | 1892. |
| 300 ## - DESCRIPCIÓN FÍSICA | |
| Extensión | 60 p., [2] h. de grab. : |
| Otras características físicas | il. ; |
| Dimensiones | 26 cm. |
| 594 #1 - Nota al título y mención de responsabilidad | |
| Nota al título y mención de responsabilidad | En port.: "Monografía artística premiada por la Asociación Literária de Gerona" |
| 599 ## - NOTA A LAS ILUSTRACIONES | |
| NOTA A LAS ILUSTRACIONES | Las h. de lám. son litogr., planta y portada de la Iglesia de Santa María de Porqueras. |
| 610 27 - PUNTO DE ACCESO ADICIONAL DE MATERIA--NOMBRE DE ENTIDAD CORPORATIVA | |
| Nombre de entidad corporativa o nombre de jurisdicción como elemento de entrada | Iglesia de Santa María (Porqueras) |
| Fuente del encabezamiento o término | |
| 9 (RLIN) | 134450 |
| 852 ## - LOCALIZACIÓN | |
| Ubicación | ES-MaACL |
| Número de control de estantería | Z-2-F-2 |
| Nota libre | -- Rust. |
| -- | -- Dedicatoria ms. del autor a Manuel Colmeiro |
| 856 ## - LOCALIZACIÓN Y ACCESO ELECTRÓNICOS | |
| Identificador Uniforme de Recursos | <a href="https://patrimoniodigital.ucm.es/s/patrimonio/item/559835">https://patrimoniodigital.ucm.es/s/patrimonio/item/559835</a> |
| Texto de enlace | Versión digital en línea |
| Nota pública | (Patrimonio Digital Complutense) |
| 942 ## - ELEMENTOS DE ENTRADA SECUNDARIOS (KOHA) | |
| Fuente del sistema de clasificación o colocación | Clasificación decimal universal |
| Estatus retirado | Estado de pérdida | Estado de daño | No para préstamo | Colección | Biblioteca de origen | Biblioteca actual | Ubicación en estantería | Fecha de adquisición | Total de préstamos | Signatura topográfica completa | Código de barras | Visto por última vez | Precio de reemplazo | Tipo de ítem Koha |
|---|---|---|---|---|---|---|---|---|---|---|---|---|---|---|
| Libros del s. XIX | Biblioteca del Ateneo de Madrid | Biblioteca del Ateneo de Madrid | Depósito Z | 17/01/2008 | Z-2-F-2 | 1165362 | 23/02/2023 | 23/02/2023 | Libro impreso antiguo |
